[Event "Penang op 10th"]
[Site "Penang"]
[Date "2018.12.05"]
[Round "4"]
[White "Ding, Dao En"]
[Black "Goh, Kai Ray Alden"]
[Result "1/2-1/2"]
[WhiteElo "1558"]
[BlackElo "1398"]
[PlyCount "66"]
[EventDate "2018.12.03"]
[EventType "swiss"]
[EventRounds "9"]
[EventCountry "MAS"]
[SourceTitle "CBM 187 Extra"]
[Source "ChessBase"]
[SourceDate "2018.11.04"]
[SourceVersion "1"]
[SourceVersionDate "2018.11.04"]
[SourceQuality "1"]

1. d4 Nf6 2. c4 e6 3. Nc3 Bb4 4. e3 c5 5. Nge2 d5 6. a3 Bxc3+ 7. Nxc3 cxd4 8. exd4 Nc6 9. c5 a6 10. Bf4 0-0 11. Be2 Re8 12. Bd6 Bd7 13. 0-0 Ne7 14. Bd3 Nc8 15. Be5 Na7 16. Re1 h6 17. Bc2 Nc8 18. Re3 b6 19. b4 a5 20. b5 bxc5 21. dxc5 Na7 22. c6 Bxc6 23. bxc6 Nxc6 24. Bxf6 Qxf6 25. Nb5 Rab8 26. Rf3 Qe5 27. Ba4 Rec8 28. Rc1 Ne7 29. Rxc8+ Rxc8 30. Nd4 Rc4 31. Be8 Rxd4 32. Bxf7+ Kh8 33. Qb1 Rf4 1/2-1/2

[Event "Penang op-A 9th"]
[Site "Penang"]
[Date "2017.12.08"]
[Round "7"]
[White "Goh, Kai Ray Alden"]
[Black "Shravann, Suryaa VP"]
[Result "1/2-1/2"]
[WhiteElo "1382"]
[BlackElo "1180"]
[PlyCount "40"]
[EventDate "2017.12.04"]
[EventType "swiss"]
[EventRounds "9"]
[EventCountry "MAS"]
[SourceTitle "CBM 182 Extra"]
[Source "ChessBase"]
[SourceDate "2018.02.23"]
[SourceVersion "1"]
[SourceVersionDate "2018.02.23"]
[SourceQuality "1"]

1. e4 c5 2. Nc3 Nc6 3. g3 d6 4. Bg2 g6 5. d3 Bg7 6. f4 e6 7. Nf3 Nge7 8. 0-0 0-0 9. g4 f6 10. h4 h6 11. g5 fxg5 12. hxg5 h5 13. Nh4 Qe8 14. Ne2 e5 15. Rb1 exf4 16. Rxf4 Rxf4 17. Nxf4 Bg4 18. Bf3 Bxf3 19. Qxf3 Ne5 20. Qf1 Qd7 1/2-1/2

[Event "Penang op-A 9th"]
[Site "Penang"]
[Date "2017.12.05"]
[Round "2"]
[White "Goh, Kai Ray Alden"]
[Black "Chan, Yi Meng Ryan"]
[Result "0-1"]
[WhiteElo "1382"]
[BlackElo "1859"]
[PlyCount "144"]
[EventDate "2017.12.04"]
[EventType "swiss"]
[EventRounds "9"]
[EventCountry "MAS"]
[SourceTitle "CBM 182 Extra"]
[Source "ChessBase"]
[SourceDate "2018.02.23"]
[SourceVersion "1"]
[SourceVersionDate "2018.02.23"]
[SourceQuality "1"]

1. e4 e6 2. d3 d5 3. Nd2 Nf6 4. g3 c5 5. Bg2 Nc6 6. Ngf3 Be7 7. 0-0 0-0 8. Re1 b5 9. e5 Nd7 10. Nf1 a5 11. h4 a4 12. a3 b4 13. N1h2 Nb6 14. Ng4 c4 15. d4 c3 16. b3 bxa3 17. Bxa3 axb3 18. Bxe7 Qxe7 19. cxb3 Rxa1 20. Qxa1 Qb4 21. Rc1 Nxd4 22. Nxd4 Qxd4 23. Bf3 h5 24. Nh2 Qxe5 25. Qxc3 Qxc3 26. Rxc3 g6 27. Nf1 Bd7 28. Nd2 Rc8 29. Rxc8+ Bxc8 30. Kf1 Ba6+ 31. Be2 Bxe2+ 32. Kxe2 Kf8 33. Kd3 Ke7 34. f4 Kd6 35. Kd4 f6 36. Nf3 Nd7 37. Kc3 e5 38. fxe5+ fxe5 39. Ng5 d4+ 40. Kd3 Nc5+ 41. Kc4 d3 42. Nf3 e4 43. b4 Nd7 44. Nd2 Ke5 45. Kc3 Nb6 46. b5 Kd5 47. Nf1 Kc5 48. Nd2 Nd5+ 49. Kb2 e3 50. Nf3 d2 51. Kc2 Nc3 52. Nxd2 exd2 53. Kxd2 Ne4+ 54. Ke3 Nxg3 55. Kf4 Nf5 56. Kg5 Nxh4 57. Kxh4 Kxb5 58. Kg5 Kc5 59. Kf4 Kd4 60. Kg5 Ke5 61. Kh4 Kf4 62. Kh3 g5 63. Kg2 g4 64. Kf2 g3+ 65. Kg2 Kg4 66. Kg1 Kf3 67. Kf1 g2+ 68. Kg1 h4 69. Kh2 Kf2 70. Kh3 g1Q 71. Kxh4 Qg6 72. Kh3 Qg3# 0-1